| 000 | 00696cab a2200229 4500 | ||
|---|---|---|---|
| 001 | WB3223-06 | ||
| 008 | 090401t1996 xxu||||| |||| 00| 0 eng d | ||
| 035 | _a(Sirsi) u27498 | ||
| 041 | _aeng | ||
| 245 | _aChemical overdose test launched | ||
| 260 | _c1996 | ||
| 350 | _a0 | ||
| 490 |
_aBuilding Engineer _v71(5) June 1996, 8(1) |
||
| 520 | _aTimbercheck has launched an analysis by post service offering advice on whether timber has already been treated for infestation. | ||
| 650 | _aCHEMICAL ANALYSIS | ||
| 650 | _aTIMBER INFESTATION | ||
| 650 | _aTIMBER TREATMENT | ||
| 650 | _aWOODWORM | ||
| 690 | _aBUILT ENVIRONMENT-BUILDING INSPECTION | ||
| 942 | _n0 | ||
| 948 | _c04/03/1997 | ||
| 999 |
_c18509 _d18509 |
||